15 plus grandes villes d'Inde (avec une carte) - Statistiques

Statistiques générales
  • Ce quiz a été pris 98 fois
  • Le résultat moyen est 9 sur 15
Réponses sur la Carte
Les réponses sont colorées sur une échelle allant du rouge au vert en fonction du pourcentage des utilisateurs qui les ont devinées à leur premier essai. Vous pouvez retrouver ces pourcentages ci-dessous.
 
Statistiques - réponses
Ville Population % Correct
Delhi 11 million
100%
Mumbai 12,4 million
100%
Kolkata 4,5 million
96%
Bangalore 8,5 million
92%
Chennai 4,7 million
84%
Hyderabad 6,8 million
77%
Ahmedabad 5,8 million
65%
Pune 3,1 million
53%
Lucknow 2,8 million
52%
Jaipur 3 million
49%
Surate 4,5 million
37%
Nagpur 2,4 million
23%
Indore 2 million
21%
Kanpur 2,8 million
15%
Thane 1,8 million
7%
Aucun quiz correspondant
Distribution des résultats
% des personnes avec chaque résultat
Percentile par nombre de réponses
Votre historique - résultats
Vous n’avez pas pris ce quiz